US Cities That Start With A - Statistics

General Stats
  • This quiz has been taken 194 times
    156 since last reset
  • The average score is 5 of 8
Answer Stats
Population City % Correct
947,890 Austin
92%
472,522 Atlanta
90%
559,277 Albuquerque
69%
351,043 Anaheim
62%
298,192 Anchorage
56%
392,772 Arlington
56%
361,710 Aurora
45%
201,110 Aurora
45%
No matching quizzes found
Score Distribution
Percent of People with Each Score
Percentile by Number Answered
Your Score History
You have not taken this quiz since the last reset